000 01113nam a2200289 4500
001 0000022133
003 CO-CtgCURN
005 20250512214550.0
007 ta
008 160627s1987 000 0 eng d
020 _a958604245X
040 _aCO-CtgCURN
_bspa
_ccoctgcurn
082 0 _a343.1
_bV15l
100 1 _aReyes Echandia, Alfonso.
245 1 0 _aLibro homenaje a Alfonso Reyes Echandia.
260 _aBogotá :
_bEditorial Temis,
_c1987.
300 _a325 p.
336 _2rdacontent
337 _2rdamedia
_asin mediacion
_bn
338 _2rdacarrier
_avolumen
_bnc
500 _aIncluye indice.
505 8 _aImputabilidad y compremcion de la criminalidad.--Mision constitucional y liberadora del derecho penal.--El error directo de prohibicion en el Código pena.--Ley de estupefaciente.--Responsabilidad de quien planta y cultiva en su hurto familiar,por mera aficción
600 1 0 _aReyes Echandia, Alfonso
_xCritica e interpretacion
_y1932-1985.
908 _a160627
942 _cBK
_h343.1
_iV15l
_2ddc
_n0
999 _c19326
_d19326